000 00755nam a2200121Ia 4500
008 220620s9999||||xx |||||||||||||| ||und||
100 _aRambsy II, Howard
245 4 _aThe Black Arts Enterprise and the Production of African American Poetry
546 _aEnglish[eng]
650 _aLiterature||Amiri Baraka||Anthology||Black Arts Movement||Dudley Randall||John Coltrane||Larry Neal||Negro Digest||Poetry||Race and ethnicity in the United States Census
856 _uhttps://library.oapen.org/bitstream/20.500.12657/30224/1/648354.pdf||https://library.oapen.org/bitstream/20.500.12657/30224/1/648354.pdf||https://library.oapen.org/bitstream/20.500.12657/30224/1/648354.pdf||https://library.oapen.org/bitstream/20.500.12657/30224/1/648354.pdf
942 _cEB
999 _c29479
_d29479